| 000 | 02441nam0a2200457 i 4500 | ||
|---|---|---|---|
| 001 | RU\NLR\bibl\1987748 | ||
| 005 | 20240921171842.0 | ||
| 010 |
_a9785855366686 _9500 |
||
| 021 |
_aRU _b2012-99093 _97312 |
||
| 035 | _a(nilc)RuMoRGB-006509681 | ||
| 035 | _a(NLR Aleph) 001976330 | ||
| 090 |
_a4026990 _c4026990 |
||
| 100 | _a20131026d2012 u y0rusy50 ca | ||
| 101 | 0 | _arus | |
| 102 | _aRU | ||
| 105 | _aa ||||||||| | ||
| 200 | 1 |
_aЭлектрохимия бишофита _eмонография _fВ.Е. Древин, В.Т. Фомичев, Н.А. Филимонова, И.А. Куликова _g[ред. Сорокина О. В.] _gМ-во сельского хоз-ва Российской Федерации, Департамент науч.-технологической политики и образования, Федеральное гос. бюджетное образовательное учреждение высш. проф. образования "Волгоградский гос. аграрный ун-т" |
|
| 210 |
_aВолгоград _cВолгоградский ГАУ _d2012 |
||
| 215 |
_a103 с. _cил., табл. _d20 |
||
| 313 | _aвкл. курс электрохимии | ||
| 320 | _aБиблиогр.: с. 82-100 (184 назв.) | ||
| 606 | 1 |
_aБишофит _xРастворы _xЭлектрохимическая обработка _92163438 _3RU\NLR\AUTH\6601538859 |
|
| 606 | 0 |
_aДезинфицирующие средства _xПроизводство _91885277 _3RU\NLR\AUTH\66857020 |
|
| 610 | 0 | _aдезинфицирующие средства | |
| 610 | 0 | _aдезинфектант из растворов бишофита | |
| 686 | 1 | _aГ57 | |
| 686 | 1 | _aЛ33 | |
| 701 | 1 |
_aДревин _bВ. Е. _gВалерий Евгеньевич _4070 |
|
| 701 | 1 |
_aФомичев _bВ. Т. _gВалерий Тарасович _4070 |
|
| 701 | 1 |
_aФилимонова _bН. А. _gНаталья Алексеевна _4070 |
|
| 701 | 1 |
_4070 _7ca _8rus _aКуликова _bИ.А. _cканд. техн. наук _gИрина Александровна _9126762 _3RU\NLR\AUTH\770126781 |
|
| 702 | 1 |
_aСорокина _bО. В. _4340 |
|
| 801 | 0 |
_aRU _bRuMoRKP _c20130109 _gRCR |
|
| 801 | 2 |
_aRU _bРГБ _c20130204 _grcr |
|
| 801 | 1 |
_aRU _bRuMoRKP _c20130109 _2rusmarc |
|
| 801 | 2 |
_aRU _bNLR _c20130116 _grcr |
|
| 830 | _aавт. по кн. | ||
| 942 | _cBOOK | ||
| 980 | _aNBR | ||